[Event "4NCL Division 1d"]
[Site "Telford, ENG"]
[Date "2017.04.29"]
[Round "9.51"]
[White "Gormally, Daniel W"]
[Black "Walker, David J"]
[Result "1/2-1/2"]
[WhiteElo "2465"]
[BlackElo "2294"]
[PlyCount "33"]
[EventDate "2017.04.29"]
[WhiteTeam "Blackthorne Russia"]
[BlackTeam "North East England"]

1. Nf3 Nf6 2. d4 e6 3. c4 d5 4. g3 Bb4+ 5. Nc3 dxc4 6. Bg2 Nc6 7. a3 Bd6 8. Qa4
O-O 9. O-O e5 10. dxe5 Nxe5 11. Nxe5 Bxe5 12. Rd1 Qe7 13. Qxc4 c6 14. Be3 Be6
15. Qc5 Qxc5 16. Bxc5 Rfe8 17. Rac1 1/2-1/2

[Event "4NCL Division 1d"]
[Site "Telford, ENG"]
[Date "2017.04.29"]
[Round "9.54"]
[White "Moreby, James"]
[Black "Ansell, Simon T"]
[Result "1-0"]
[WhiteElo "2124"]
[BlackElo "2355"]
[PlyCount "89"]
[EventDate "2017.04.29"]
[WhiteTeam "North East England"]
[BlackTeam "Blackthorne Russia"]

1. e4 e5 2. Nf3 Nc6 3. Bb5 Nge7 4. c3 a6 5. Ba4 g6 6. d4 exd4 7. cxd4 b5 8. Bb3
Bg7 9. Nc3 d6 10. a4 b4 11. Nd5 h6 12. Be3 Na5 13. Rc1 c6 14. Nxe7 Qxe7 15. Bc2
Nc4 16. b3 Nxe3 17. fxe3 f5 18. Qd3 O-O 19. O-O a5 20. Qc4+ Kh8 21. Qxc6 Bb7
22. Nh4 Rf6 23. Qb5 Bxe4 24. Qe2 Re8 25. Rfe1 g5 26. Nf3 Re6 27. d5 Bxd5 28.
Bxf5 Rf6 29. Bc2 Rff8 30. Qd3 Bc3 31. Qxd5 Bxe1 32. Rxe1 g4 33. Qd4+ Qg7 34.
Qxg7+ Kxg7 35. Nd4 Re5 36. Rf1 Rc8 37. Bf5 Rc3 38. Bxg4 h5 39. Bd1 Kg8 40. Nb5
Rc1 41. Be2 Rc2 42. Bf3 Rxe3 43. Nxd6 h4 44. Nc4 Re7 45. h3 1-0

[Event "4NCL Division 1d"]
[Site "Telford, ENG"]
[Date "2017.04.29"]
[Round "9.55"]
[White "Webb, Laurence E"]
[Black "Dargan, Paul A G"]
[Result "1-0"]
[WhiteElo "2271"]
[BlackElo "2177"]
[PlyCount "113"]
[EventDate "2017.04.29"]
[WhiteTeam "Blackthorne Russia"]
[BlackTeam "North East England"]

1. Nf3 Nf6 2. d4 e6 3. c4 Bb4+ 4. Nc3 b6 5. Bg5 h6 6. Bh4 Bb7 7. e3 O-O 8. Bd3
d5 9. cxd5 exd5 10. O-O Nbd7 11. Qa4 Be7 12. Rac1 c6 13. Rfd1 Ne4 14. Bxe7 Qxe7
15. b4 a5 16. b5 c5 17. dxc5 Ndxc5 18. Qc2 Rac8 19. Qb2 Qf6 20. Nd4 Ne6 21.
Bxe4 dxe4 22. Nxe6 Qxe6 23. Ne2 Rxc1 24. Rxc1 Rc8 25. Rd1 Kh7 26. h3 Rc5 27.
Qd2 Rd5 28. Nd4 Qd6 29. Qe2 Bc8 30. Qc4 Bd7 31. a4 Rg5 32. Kh1 Qf6 33. Qe2 Qg6
34. f4 Rh5 35. Rc1 Bxh3 36. Kg1 Bg4 37. Qf2 Qd6 38. Rc6 Qa3 39. Qe1 Rc5 40. Kh2
Qxa4 41. Rxb6 Rh5+ 42. Kg1 Bc8 43. Rc6 Bd7 44. Rc7 Bxb5 45. Rxf7 Bc4 46. Rc7
Rd5 47. Qc1 Bd3 48. Ne6 Kh8 49. Nxg7 Rd7 50. Rxd7 Qxd7 51. Nh5 Qf7 52. Qc3+ Kh7
53. Nf6+ Kg6 54. Ng4 Kh5 55. Ne5 Qf6 56. g4+ Kh4 57. Kh2 1-0

[Event "4NCL Division 1d"]
[Site "Telford, ENG"]
[Date "2017.04.29"]
[Round "9.58"]
[White "Roberts, Lynda"]
[Black "Atkins, Rita"]
[Result "1/2-1/2"]
[WhiteElo "1975"]
[BlackElo "2101"]
[PlyCount "73"]
[EventDate "2017.04.29"]
[WhiteTeam "North East England"]
[BlackTeam "Blackthorne Russia"]

1. e4 e6 2. d3 d5 3. Nd2 Nf6 4. Ngf3 Nc6 5. g3 dxe4 6. dxe4 Bc5 7. Bg2 e5 8.
O-O O-O 9. Qe2 Qe7 10. c3 a5 11. Nc4 b6 12. Bg5 Ba6 13. Nfd2 h6 14. Be3 Rfd8
15. Rfd1 b5 16. Bxc5 Qxc5 17. Qe3 Qe7 18. Na3 Rd6 19. Nb3 Rad8 20. Rxd6 Rxd6
21. Nc5 Bc8 22. Nxb5 Ng4 23. Qe2 Rd8 24. Nd3 Be6 25. Na3 h5 26. h3 Nf6 27. Qe3
Nd7 28. f4 f6 29. f5 Bf7 30. Bf3 Nb6 31. Nf2 a4 32. Qe2 Qc5 33. Bxh5 Bxh5 34.
Qxh5 Rd2 35. Qe8+ Kh7 36. Qh5+ Kg8 37. Qe8+ 1/2-1/2

[Event "4NCL Division 1d"]
[Site "Telford, ENG"]
[Date "2017.04.29"]
[Round "9.61"]
[White "Hoffmann, Hendrik"]
[Black "Taylor, Adam C"]
[Result "1/2-1/2"]
[WhiteElo "2317"]
[BlackElo "2260"]
[PlyCount "101"]
[EventDate "2017.04.29"]
[WhiteTeam "Celtic Tigers "]
[BlackTeam "Anglian Avengers 1"]

1. e4 e5 2. Nf3 Nc6 3. d4 exd4 4. Bc4 Nf6 5. e5 d5 6. Bb5 Ne4 7. Nxd4 Bd7 8.
Bxc6 bxc6 9. O-O Bc5 10. c3 O-O 11. f3 Ng5 12. f4 Ne4 13. Be3 f6 14. Nd2 Nxd2
15. Qxd2 fxe5 16. fxe5 Qe7 17. Nf3 Bb6 18. Rae1 Bg4 19. Bxb6 axb6 20. Nd4 c5
21. Nc6 Qe6 22. Rxf8+ Rxf8 23. Qxd5 Re8 24. Qxe6+ Bxe6 25. Rd1 Bc8 26. b4 Bb7
27. b5 Bc8 28. Kf2 Be6 29. a4 Bb3 30. Ra1 Bc4 31. Ke3 Ra8 32. Rd1 Rxa4 33. Rd8+
Kf7 34. Rd7+ Kf8 35. Rxc7 Bxb5 36. e6 Bxc6 37. Rxc6 Ra2 38. Kf3 Rb2 39. Rc7 Rc2
40. Rf7+ Kg8 41. Rb7 Kf8 42. Rxb6 Rxc3+ 43. Ke4 Rc2 44. Rb8+ Ke7 45. Rb7+ Kxe6
46. Rxg7 Kf6 47. Rg8 c4 48. h4 Rd2 49. Rc8 Rxg2 50. Rc6+ Kg7 51. Rxc4 1/2-1/2

[Event "4NCL Division 1d"]
[Site "Telford, ENG"]
[Date "2017.04.29"]
[Round "9.63"]
[White "Pedersen, Carsten"]
[Black "Player, Edmund C"]
[Result "0-1"]
[WhiteElo "2153"]
[BlackElo "2237"]
[PlyCount "80"]
[EventDate "2017.04.29"]
[WhiteTeam "Celtic Tigers "]
[BlackTeam "Anglian Avengers 1"]

1. e4 e6 2. d4 d5 3. Nd2 c5 4. exd5 exd5 5. Ngf3 Nc6 6. Bb5 Bd6 7. O-O Nge7 8.
dxc5 Bxc5 9. Nb3 Bb6 10. Bg5 O-O 11. Nbd4 Qd6 12. Re1 Ng6 13. c3 Bg4 14. Qd3 f6
15. Bh4 Nxd4 16. Bg3 Nxf3+ 17. gxf3 Ne5 18. Rxe5 fxe5 19. fxg4 Rad8 20. Kg2 Qf6
21. Rf1 e4 22. Qd1 Kh8 23. Be2 Bc5 24. Qb3 Rf7 25. Qb5 Qb6 26. Qxb6 Bxb6 27. f3
a6 28. Rd1 e3 29. Be5 d4 30. cxd4 Rfd7 31. Rd3 Bxd4 32. Bxd4 Rxd4 33. Rxe3 Rd2
34. Kg3 Rxb2 35. Bc4 b5 36. Bf7 Rbd2 37. h4 R2d7 38. Bb3 a5 39. Re5 Rb7 40. a3
Rbb8 0-1

[Event "4NCL Division 1d"]
[Site "Telford, ENG"]
[Date "2017.04.29"]
[Round "9.64"]
[White "Oyama, Akito"]
[Black "Haussernot, Cecile"]
[Result "1-0"]
[WhiteElo "2275"]
[BlackElo "2107"]
[PlyCount "179"]
[EventDate "2017.04.29"]
[WhiteTeam "Anglian Avengers 1"]
[BlackTeam "Celtic Tigers "]

1. e4 c5 2. Nc3 a6 3. Nf3 d6 4. d4 cxd4 5. Nxd4 Nf6 6. Be2 e5 7. Nb3 Be7 8. Bg5
O-O 9. Bxf6 Bxf6 10. Nd2 b5 11. a4 b4 12. Nd5 Nc6 13. Nc4 Nd4 14. Nxb4 a5 15.
Nd5 Ba6 16. Bd3 Bg5 17. c3 Ne6 18. b4 axb4 19. cxb4 Nd4 20. O-O Rc8 21. Nce3
Bb7 22. Rb1 f5 23. exf5 Bxe3 24. Nxe3 Qg5 25. f4 exf4 26. Qg4 Qxg4 27. Nxg4 f3
28. gxf3 Rc3 29. Rbd1 Bxf3 30. Ne3 Bxd1 31. Rxd1 Nf3+ 32. Kf2 Ne5 33. Be4 g6
34. Rxd6 gxf5 35. Nxf5 Ng4+ 36. Ke2 Rh3 37. a5 Re8 38. Rd4 h5 39. Kd2 Nf2 40.
Bc6 Re5 41. a6 Rxh2 42. a7 Ne4+ 43. Kd3 Ra2 44. Rxe4 Ra3+ 45. Kc2 Rxe4 46. Bxe4
Rxa7 47. b5 Ra5 48. b6 Rc5+ 49. Kd3 Rb5 50. b7 Kf8 51. Kc4 Rb2 52. Nd4 Rb6 53.
Kc5 Rxb7 54. Bxb7 Ke7 55. Kd5 Kf6 56. Ke4 h4 57. Kf4 h3 58. Bh1 h2 59. Nf3 Ke6
60. Nxh2 Kf6 61. Bd5 Kg6 62. Ng4 Kg7 63. Kf5 Kh8 64. Kf6 Kh7 65. Be4+ Kg8 66.
Ne5 Kh8 67. Nf7+ Kg8 68. Bf5 Kf8 69. Bh7 Ke8 70. Ne5 Kd8 71. Ke6 Kc7 72. Kd5
Kb6 73. Nc6 Kb5 74. Bc2 Kb6 75. Kd6 Kb5 76. Bb3 Kb6 77. Bc4 Kb7 78. Kc5 Kc7 79.
Be6 Kb7 80. Ne5 Kc7 81. Nf7 Kb7 82. Kb5 Kc7 83. Bf5 Kb7 84. Be4+ Kc7 85. Bc6
Kc8 86. Kb6 Kb8 87. Bd7 Ka8 88. Ne5 Kb8 89. Nd3 Ka8 90. Nb4 1-0

[Event "4NCL Division 1d"]
[Site "Telford, ENG"]
[Date "2017.04.29"]
[Round "9.65"]
[White "Mitra, Roman C"]
[Black "Talsma, Paul"]
[Result "1/2-1/2"]
[WhiteElo "2099"]
[BlackElo "2200"]
[PlyCount "133"]
[EventDate "2017.04.29"]
[WhiteTeam "Celtic Tigers "]
[BlackTeam "Anglian Avengers 1"]

1. e4 e5 2. Nf3 Nc6 3. Bc4 Nf6 4. d3 Be7 5. O-O O-O 6. Re1 d6 7. c3 Na5 8. Bb5
a6 9. Ba4 c5 10. Bc2 Nc6 11. Nbd2 Re8 12. Nf1 h6 13. h3 Bf8 14. Rb1 d5 15. Qe2
Be6 16. b3 d4 17. c4 b5 18. N3h2 Bd6 19. g4 Nh7 20. Kg2 Be7 21. Ng3 Bg5 22. Rf1
Ne7 23. f4 exf4 24. Bxf4 Ng6 25. Nh5 Nhf8 26. Bg3 Bh4 27. Qf2 Bxg3 28. Qxg3 Qb8
29. Rf2 Qxg3+ 30. Kxg3 Nd7 31. Nf3 Rab8 32. cxb5 axb5 33. b4 Bxa2 34. Rb2 Be6
35. bxc5 Nxc5 36. Nxd4 Rbd8 37. Nxe6 Rxe6 38. Rxb5 Nxd3 39. Re2 Nde5 40. Nf4
Nxf4 41. Kxf4 Nc6 42. Ke3 Nd4 43. Rd2 Red6 44. Rd5 Rxd5 45. exd5 Nxc2+ 46. Rxc2
Rxd5 47. Ke4 Rd1 48. Rf2 Rd6 49. Rf5 Ra6 50. h4 g6 51. Rb5 Rf6 52. g5 Rf1 53.
h5 hxg5 54. hxg6 fxg6 55. Rxg5 Kg7 56. Rg2 Kf6 57. Ra2 Rf5 58. Rh2 Kg5 59. Rg2+
Kh6 60. Rh2+ Rh5 61. Rg2 Rh3 62. Kf4 Ra3 63. Rh2+ Kg7 64. Kg4 Ra1 65. Rg2 Rf1
66. Ra2 Rg1+ 67. Kf4 1/2-1/2

[Event "4NCL Division 1d"]
[Site "Telford, ENG"]
[Date "2017.04.29"]
[Round "9.66"]
[White "Spence, David J"]
[Black "Stevenson, James"]
[Result "1-0"]
[WhiteElo "2168"]
[BlackElo "2057"]
[PlyCount "93"]
[EventDate "2017.04.29"]
[WhiteTeam "Anglian Avengers 1"]
[BlackTeam "Celtic Tigers "]

1. e4 Nf6 2. e5 Nd5 3. d4 d6 4. Nf3 dxe5 5. Nxe5 c6 6. Be2 Nd7 7. Nf3 N7f6 8.
c4 Nc7 9. h3 g6 10. Nc3 Bg7 11. O-O O-O 12. Bf4 b6 13. Re1 Bb7 14. Qd2 Ne6 15.
Bh2 a6 16. Bf1 b5 17. b3 Qd7 18. Rad1 Rfd8 19. Qc1 Qc8 20. Be5 Nf8 21. g3 e6
22. Bg2 N8d7 23. c5 a5 24. Bd6 b4 25. Na4 Ba6 26. Ne5 Bb5 27. Be7 Nxe5 28. Nb6
Qc7 29. Bd6 Nd3 30. Rxd3 Qb7 31. Rdd1 Ra7 32. Nc4 Bxc4 33. bxc4 Qd7 34. Be5 Qc8
35. Qc2 Nd7 36. Bd6 Nf6 37. Qa4 Ra6 38. a3 bxa3 39. Qxa3 Ne8 40. Re2 Qd7 41.
Bf4 Nf6 42. Rb2 Nh5 43. Bd6 Nf6 44. Rdb1 Ra7 45. Qa4 Rc8 46. Rb8 Ra8 47. Rxa8
1-0

[Event "4NCL Division 1d"]
[Site "Telford, ENG"]
[Date "2017.04.29"]
[Round "9.67"]
[White "Larter, Nick J"]
[Black "Mayhew, Andrew"]
[Result "0-1"]
[WhiteElo "1815"]
[BlackElo "2214"]
[PlyCount "104"]
[EventDate "2017.04.29"]
[WhiteTeam "Celtic Tigers "]
[BlackTeam "Anglian Avengers 1"]

1. e4 b6 2. c4 Bb7 3. Nc3 e6 4. d4 Bb4 5. f3 f5 6. Bd3 Nh6 7. Nge2 fxe4 8. fxe4
O-O 9. Bf4 Qh4+ 10. g3 Qh3 11. Ng1 Qg2 12. Qc2 Qxh1 13. O-O-O Rxf4 14. gxf4 Nc6
15. d5 Nd4 16. Qf2 Ng4 17. Qg3 h5 18. h3 Qh2 19. Qxh2 Nxh2 20. Nce2 Nhf3 21.
Nxd4 Nxg1 22. Rxg1 Bc5 23. Ne2 Bxg1 24. Nxg1 Rf8 25. Ne2 exd5 26. cxd5 d6 27.
Kd2 Bc8 28. f5 g5 29. Ng3 h4 30. Nf1 Bd7 31. Ne3 Be8 32. Be2 Bf7 33. a3 Rc8 34.
Ba6 Re8 35. Bd3 Bh5 36. Kc3 Bf3 37. Kd4 Kf7 38. b4 Kf6 39. Bc2 Rh8 40. Bd3 g4
41. Bf1 Kg5 42. Kd3 Kf4 43. f6 Rf8 44. hxg4 Bxg4 45. Bg2 h3 46. Bh1 Bf3 47.
Bxf3 Kxf3 48. Nf1 Rxf6 49. Kd4 Kg2 50. Ne3+ Kg1 51. e5 Rf4+ 52. Kd3 dxe5 0-1

[Event "4NCL Division 1d"]
[Site "Telford, ENG"]
[Date "2017.04.29"]
[Round "9.68"]
[White "York-Andersen, Anna"]
[Black "Buttell, David"]
[Result "1/2-1/2"]
[WhiteElo "1757"]
[BlackElo "1758"]
[PlyCount "105"]
[EventDate "2017.04.29"]
[WhiteTeam "Anglian Avengers 1"]
[BlackTeam "Celtic Tigers "]

1. e4 c5 2. Nf3 d6 3. Bb5+ Bd7 4. Bxd7+ Qxd7 5. c4 Nc6 6. Nc3 Nf6 7. d4 cxd4 8.
Nxd4 e6 9. f3 Be7 10. Be3 O-O 11. O-O Rfd8 12. f4 Rab8 13. b3 a6 14. h3 Qc7 15.
Qf3 Qa5 16. Bf2 Rd7 17. g4 g6 18. Nxc6 bxc6 19. f5 gxf5 20. gxf5 Kh8 21. Kh1
Rg8 22. Rg1 Rdd8 23. Raf1 e5 24. Be1 Qc7 25. Rg3 Rxg3 26. Bxg3 Rg8 27. Rg1 Qd8
28. Bf2 Rxg1+ 29. Bxg1 Qg8 30. Be3 Nd7 31. Ne2 Bg5 32. Bf2 Be7 33. Be3 Nf6 34.
Nc3 Nd7 35. Nd1 Bg5 36. Nf2 Bxe3 37. Qxe3 c5 38. Ng4 Qg7 39. Qf3 Qg5 40. Qe2
Qc1+ 41. Kg2 Qg5 42. Kh1 h5 43. Ne3 Qh4 44. Qf3 Nf6 45. Kh2 Kh7 46. Nd5 Nxe4
47. Qxe4 Qf2+ 48. Kh1 Qf1+ 49. Kh2 Qf2+ 50. Qg2 Qxf5 51. Ne7 Qf4+ 52. Qg3 Qd2+
53. Qg2 1/2-1/2

[Event "4NCL Division 1d"]
[Site "Telford, ENG"]
[Date "2017.04.29"]
[Round "9.71"]
[White "Toma, Katarzyna"]
[Black "Cox, John J"]
[Result "1/2-1/2"]
[WhiteElo "2229"]
[BlackElo "2321"]
[PlyCount "66"]
[EventDate "2017.04.29"]
[WhiteTeam "South Wales Dragons"]
[BlackTeam "Barbican 4NCL 2"]

1. e4 e5 2. Nf3 Nc6 3. Bb5 a6 4. Ba4 Nf6 5. Qe2 d6 6. c3 g6 7. O-O Bg7 8. d4 b5
9. Bc2 O-O 10. a4 Rb8 11. axb5 axb5 12. dxe5 Nxe5 13. Nxe5 dxe5 14. Rd1 Qe7 15.
f3 c6 16. Be3 Be6 17. Qf2 Rfd8 18. Nd2 Ra8 19. Bb6 Rdc8 20. Bc5 Qe8 21. Nb3
Rxa1 22. Rxa1 Ra8 23. Rd1 Nd7 24. Bd6 Ra2 25. Nc1 Ra1 26. Nb3 Ra2 27. Nc1 Ra1
28. Nb3 Rxd1+ 29. Bxd1 Qa8 30. Ba3 Qa4 31. Qd2 Qa7+ 32. Qf2 Qa4 33. Qd2 Qa7+
1/2-1/2

[Event "4NCL Division 1d"]
[Site "Telford, ENG"]
[Date "2017.04.29"]
[Round "9.73"]
[White "Kett, Tim"]
[Black "Sowray, Peter J"]
[Result "0-1"]
[WhiteElo "2220"]
[BlackElo "2301"]
[PlyCount "98"]
[EventDate "2017.04.29"]
[WhiteTeam "South Wales Dragons"]
[BlackTeam "Barbican 4NCL 2"]

1. e4 c5 2. c3 d5 3. exd5 Qxd5 4. d4 Nf6 5. Nf3 e6 6. Na3 Nc6 7. Nb5 Qd8 8.
dxc5 Bxc5 9. Qxd8+ Kxd8 10. Bf4 Ne4 11. Ng5 Nxg5 12. Bxg5+ f6 13. Bh4 Bd7 14.
Bg3 Ke7 15. O-O-O Ne5 16. b4 Bb6 17. Kb2 a5 18. a3 axb4 19. axb4 Bc6 20. f3 Bd5
21. Bxe5 fxe5 22. c4 Bc6 23. c5 Bd8 24. Bc4 Rf8 25. Rhe1 Rf4 26. Kb3 e4 27.
fxe4 Rxe4 28. Rxe4 Bxe4 29. g3 Bc6 30. Rd6 Bd7 31. Rd1 b6 32. Re1 bxc5 33. bxc5
Rb8 34. Kb4 Bc7 35. Ra1 Be5 36. Ra7 Bd4 37. Ra5 Bg1 38. h3 Bf2 39. g4 Be1+ 40.
Ka4 Bxa5 41. Kxa5 Bxb5 42. Bxb5 e5 43. Bd3 h6 44. h4 Kd7 45. Be4 Kc7 46. g5
hxg5 47. hxg5 Rd8 48. Kb5 Rd4 49. Bf3 e4 0-1

[Event "4NCL Division 1d"]
[Site "Telford, ENG"]
[Date "2017.04.29"]
[Round "9.75"]
[White "Blackburn, Jonathan L B"]
[Black "Jackson, James P"]
[Result "1/2-1/2"]
[WhiteElo "2198"]
[BlackElo "2269"]
[PlyCount "116"]
[EventDate "2017.04.29"]
[WhiteTeam "South Wales Dragons"]
[BlackTeam "Barbican 4NCL 2"]

1. d4 Nf6 2. c4 c5 3. d5 e6 4. Nc3 exd5 5. cxd5 d6 6. Nf3 g6 7. h3 Bg7 8. Bf4
a6 9. a4 O-O 10. e3 Ne8 11. Be2 Nd7 12. O-O Qe7 13. Bg5 f6 14. Bh4 g5 15. Bg3
f5 16. a5 Rb8 17. Qc2 b5 18. axb6 Rxb6 19. Bd3 Ne5 20. Nxe5 Bxe5 21. f4 gxf4
22. exf4 Bd4+ 23. Bf2 Qg7 24. Ra4 Bf6 25. Bxf5 Bxc3 26. Bxc8 Rxb2 27. Qd3 a5
28. f5 Bb4 29. Be6+ Kh8 30. Qe4 Nf6 31. Qh4 Re2 32. Qc4 Rd2 33. Raa1 Nd7 34.
Rad1 Ne5 35. Qe4 Rxd1 36. Rxd1 a4 37. Bh4 a3 38. f6 Qg6 39. Bf5 Qh5 40. Ra1 Ra8
41. Ra2 Bc3 42. Qc2 Qxh4 43. Qxc3 Qxf6 44. Be6 Ng4 45. Qd3 Ne5 46. Qc3 Nd7 47.
Qg3 Qd4+ 48. Kh2 Nf6 49. Rxa3 Rxa3 50. Qxa3 Qe5+ 51. Kg1 c4 52. Qa7 c3 53. Qf7
h5 54. Qg6 Qe3+ 55. Kh2 Qf4+ 56. Kg1 h4 57. Bf5 Qe3+ 58. Kh2 Qe5+ 1/2-1/2

[Event "4NCL Division 1d"]
[Site "Telford, ENG"]
[Date "2017.04.29"]
[Round "9.76"]
[White "O'Toole, George E"]
[Black "Williamson, Roger G"]
[Result "0-1"]
[WhiteElo "2268"]
[BlackElo "2191"]
[PlyCount "88"]
[EventDate "2017.04.29"]
[WhiteTeam "Barbican 4NCL 2"]
[BlackTeam "South Wales Dragons"]

1. e4 e5 2. Nf3 Nc6 3. Bb5 a6 4. Bxc6 dxc6 5. Nc3 Qf6 6. d4 exd4 7. Qxd4 Qxd4
8. Nxd4 Bd7 9. Be3 O-O-O 10. O-O-O Bb4 11. Nde2 Nf6 12. f3 Rhe8 13. h4 Be6 14.
a3 Be7 15. h5 Rxd1+ 16. Kxd1 h6 17. Nf4 Bd7 18. Kc1 Nh7 19. Nd3 Bf6 20. Ne2 b6
21. c4 c5 22. Kc2 Bd8 23. Nc3 Ng5 24. Nd5 c6 25. Bxg5 hxg5 26. Nc3 Bf6 27. g4
Rh8 28. e5 Be7 29. Ne4 Be6 30. b3 Rh6 31. a4 f5 32. exf6 gxf6 33. Nef2 f5 34.
Re1 Bd6 35. Ne5 Kc7 36. Nfd3 Bxe5 37. Nxe5 Kd6 38. Kc3 fxg4 39. fxg4 Rf6 40.
Re4 b5 41. Kd2 Bg8 42. Ke2 Re6 43. cxb5 cxb5 44. axb5 axb5 0-1

[Event "4NCL Division 1d"]
[Site "Telford, ENG"]
[Date "2017.04.29"]
[Round "9.77"]
[White "James, David J"]
[Black "Navarro Cia, Miguel"]
[Result "1/2-1/2"]
[WhiteElo "2125"]
[BlackElo "2277"]
[PlyCount "30"]
[EventDate "2017.04.29"]
[WhiteTeam "South Wales Dragons"]
[BlackTeam "Barbican 4NCL 2"]

1. d4 f5 2. Nf3 Nf6 3. g3 g6 4. Bg2 Bg7 5. O-O O-O 6. c4 d6 7. Nc3 Nc6 8. b3 e5
9. dxe5 dxe5 10. Ba3 Re8 11. Qxd8 Rxd8 12. Rad1 Rxd1 13. Rxd1 e4 14. Ne1 Be6
15. Nc2 a6 1/2-1/2

[Event "4NCL Division 1d"]
[Site "Telford, ENG"]
[Date "2017.04.29"]
[Round "9.82"]
[White "Zakarian, David"]
[Black "Tukpetov, Evgeny"]
[Result "1/2-1/2"]
[WhiteElo "2365"]
[BlackElo "2199"]
[PlyCount "64"]
[EventDate "2017.04.29"]
[WhiteTeam "Oxford 1"]
[BlackTeam "Kings Head"]

1. e4 b6 2. d4 Bb7 3. Bd3 Nf6 4. Qe2 Nc6 5. c3 e5 6. Nf3 d6 7. O-O Be7 8. Rd1
O-O 9. d5 Nb8 10. Nbd2 c6 11. dxc6 Bxc6 12. Nf1 Nbd7 13. Ng3 g6 14. Bh6 Re8 15.
Ng5 d5 16. Qf3 Bf8 17. Bxf8 Rxf8 18. exd5 Bxd5 19. Be4 Nxe4 20. N5xe4 Bc6 21.
Rd6 Rc8 22. Qd3 Qe7 23. Rd1 Nc5 24. Nxc5 bxc5 25. Qa6 Qc7 26. h4 Qb6 27. Qe2
Qb7 28. Qxe5 Rce8 29. Qf6 Bxg2 30. Nh5 gxh5 31. Qg5+ Kh8 32. Qf6+ Kg8 1/2-1/2

[Event "4NCL Division 1d"]
[Site "Telford, ENG"]
[Date "2017.04.29"]
[Round "9.86"]
[White "Dickinson, Tim R"]
[Black "Davey, Mark"]
[Result "1-0"]
[WhiteElo "2072"]
[BlackElo "2095"]
[PlyCount "121"]
[EventDate "2017.04.29"]
[WhiteTeam "Oxford 1"]
[BlackTeam "Kings Head"]

1. e4 e5 2. Nf3 Nc6 3. Bb5 a6 4. Ba4 Nf6 5. O-O b5 6. Bb3 Be7 7. Re1 O-O 8. h3
d6 9. a3 Na5 10. Ba2 Bb7 11. d3 c5 12. Nc3 Rc8 13. Nd5 Nxd5 14. Bxd5 Bxd5 15.
exd5 f5 16. b4 Nb7 17. Bb2 c4 18. dxc4 Rxc4 19. Nd2 Rc8 20. c4 bxc4 21. Rc1 Bg5
22. Rxc4 Qd7 23. Rxc8 Rxc8 24. Nf3 Bf4 25. g3 Bh6 26. Qe2 Qa4 27. Nd4 Rf8 28.
Nc6 Nd8 29. Qc4 Kh8 30. Qc3 Nf7 31. h4 Nd8 32. f4 Qb5 33. fxe5 Qxd5 34. Nxd8
Rxd8 35. e6 Re8 36. e7 f4 37. gxf4 Qf7 38. Qf3 d5 39. f5 Rxe7 40. Rxe7 Qxe7 41.
f6 Qe3+ 42. Kg2 Qxf3+ 43. Kxf3 gxf6 44. Bd4 Bd2 45. Ke2 Bf4 46. a4 Kg7 47. Kf3
Bb8 48. Kg4 Kf7 49. Kf5 Bd6 50. b5 axb5 51. axb5 Bb8 52. h5 Ke7 53. Bxf6+ Kf7
54. b6 d4 55. Bxd4 Ke7 56. Be5 Bxe5 57. Kxe5 Kd7 58. Kf6 Kc6 59. Kg7 Kxb6 60.
Kxh7 Kc6 61. Kg6 1-0

[Event "4NCL Division 1d"]
[Site "Telford, ENG"]
[Date "2017.04.29"]
[Round "9.88"]
[White "Varney, Zoe"]
[Black "Disu, Kayode"]
[Result "1/2-1/2"]
[WhiteElo "1976"]
[BlackElo "2087"]
[PlyCount "39"]
[EventDate "2017.04.29"]
[WhiteTeam "Oxford 1"]
[BlackTeam "Kings Head"]

1. e4 e6 2. d4 d5 3. exd5 exd5 4. Nf3 Nc6 5. c4 Bg4 6. Be3 Nf6 7. Nc3 Bb4 8. a3
Bxc3+ 9. bxc3 O-O 10. c5 Ne4 11. Rc1 Re8 12. Be2 Qe7 13. h3 Bxf3 14. gxf3 Ng3
15. fxg3 Qxe3 16. Rf1 Qg5 17. Kf2 Qe3+ 18. Ke1 Qg5 19. Kf2 Qe3+ 20. Ke1 1/2-1/2